000 00293nam a22001337a 4500
008 181204b xxu||||| |||| 00| 0 eng d
020 _a0471858455
041 _aeng
080 _a510
100 _a38
101 _aMAT
245 _aPrinciples Of Econometrics
_cHenri,th
942 _2udc
_cBK
999 _c52758
_d52758